000 00635nam a2200217 4500
003 OSt
005 20240725025528.0
006 a
008 240725b |||||||| |||| 00| 0 eng d
020 _a9780071284929
040 _aDWCL-Main lib.
_cOC
082 _2Fifth edition
_aCirc. 657 Ai297i 2009
100 _aAinsworth, Penne
245 _aIntroduction to accounting: an integrated approach /
250 _aFifth edition
260 _aBoston :
_bMcGraw-Hill/Irwin,
_cc2009.
300 _axx,
_b667 p. : ill. ;
_c28 cm.
504 _aIncludes Index.
650 _a1. Accounting.
942 _2ddc
_n0
_cBK-CIRC
_eFifth edition
_kCirc.
999 _c2710
_d2710